000 00499 a2200169 4500
999 _c9555
_d9555
020 _a9780195597318
050 _aRA651 BUT 2015
100 _aButtner, Petra
_eauthor
245 _aEpidemiology /
_cPetra Buttner
250 _a2nd ed.
264 _aAstralia :
_bOxford University Press,
_c2015
300 _axxxi, 616p. :
_bill.(col.)
500 _aIncludes bibliography and index
650 _aEpidemiologic Methods
700 _aMuller, Reinhold
_eeditor
942 _2lcc
_cBK
_e2nd ed.
_h651
_iBUT
_kRA